000 00377nam a22001697a 4500
003 SGT
020 _a9780323930390
082 _a616
_bG20G
100 _aGOLDMAN, LEE,ed.
245 _aGOLDMAN-CECIL MEDICINE
250 _a27TH
260 _aNEW DELHI
_bELSEVIVIER
_c2020
300 _a1396
650 _aMEDICINE
653 _a MEDICINE ,GOLDMAN, CECIL
942 _2ddc
_cBK
999 _c34744
_d34744